000 00316nam a22001337a 4500
008 170601b xxu||||| |||| 00| 0 eng d
020 _a0393006441
041 _aeng
080 _a94(7/8)
100 _a17
101 _aSHH
245 _aTHE CREATION OF THE AMERICAN REPUBLIC 1776-1787
_cWOOD,G.S
942 _2udc
_cBK
999 _c15241
_d15241